000 00617nam a22001937a 4500
999 _c11060
_d11060
003 AR-CdUCM
008 190402b ||||| |||| 00| 0 eng d
040 _aMUNICIPALIDAD PROVINCIAL DEL CUSCO
_cBIBLIOTECA MUNICIPAL DEL CUSCO
082 _aEP / 923.20 /
_bL67
100 _aParin d´Auliar, Ingrid y Edgar
_928191
245 _aAbraham Lincoln /
260 _aNew York :
_bDoubleday,Doran y Company,
_c1943.
300 _bIlustraciones,
_c31 cm.
505 _aContenido :Abraham Lincoln /
650 _aEducación primaria
_91561
650 _aLiteraturas inglesa
_928192
942 _2ddc
_cLIBROS
945 _arjall